|
|
|
|
| LEADER |
00000cam a22000004a 4500 |
| 001 |
musev2_41579 |
| 003 |
MdBmJHUP |
| 005 |
20230905044346.0 |
| 006 |
m o d |
| 007 |
cr||||||||nn|n |
| 008 |
000807s1991 pau o 00 0 eng d |
| 010 |
|
|
|z 91021173
|
| 020 |
|
|
|a 9781512801569
|
| 020 |
|
|
|z 9780812231021
|
| 035 |
|
|
|a (OCoLC)44961443
|
| 040 |
|
|
|a MdBmJHUP
|c MdBmJHUP
|
| 100 |
1 |
|
|a Cartelli, Thomas.
|
| 245 |
1 |
0 |
|a Marlowe, Shakespeare, and the Economy of Theatrical Experience /
|c Thomas Cartelli.
|
| 264 |
|
1 |
|a Philadelphia :
|b University of Pennsylvania Press,
|c 1991.
|
| 264 |
|
3 |
|a Baltimore, Md. :
|b Project MUSE,
|c 2016
|
| 264 |
|
4 |
|c ©1991.
|
| 300 |
|
|
|a 1 online resource (264 pages).
|
| 336 |
|
|
|a text
|b txt
|2 rdacontent
|
| 337 |
|
|
|a computer
|b c
|2 rdamedia
|
| 338 |
|
|
|a online resource
|b cr
|2 rdacarrier
|
| 505 |
0 |
0 |
|t Frontmatter --
|t Contents --
|t Acknowledgments --
|t A Note on Texts --
|t Prefatory Note --
|t Introduction: Marlowe and/or Shakespeare --
|t 1. The Terms of Engagement --
|t 2. The Audience in Theory and Practice --
|t 3. The Tamburlaine Phenomenon --
|t 4. Banquo's Ghost --
|t 5. King Edward's Body --
|t 6. Radical Shakespeare --
|t 7. Machiavel's Ghost --
|t 8. The Unaccommodating Text --
|t Conclusion: The Imaginary Audience --
|t Notes --
|t Works Cited --
|t Index --
|t Backmatter
|
| 520 |
|
|
|a This study explores the structure of psychological, social and political exchanges that were negotiated between audiences and plays in Elizabethan public theatres in a period ostensibly dominated by Shakespeare, but strongly rooted in Marlowe.
|
| 588 |
|
|
|a Description based on print version record.
|
| 600 |
1 |
7 |
|a Shakespeare, William,
|d 1564-1616.
|2 fast
|0 (OCoLC)fst00029048
|
| 600 |
1 |
7 |
|a Marlowe, Christopher,
|d 1564-1593.
|2 fast
|0 (OCoLC)fst00028407
|
| 600 |
1 |
1 |
|a Marlowe, Christopher,
|d 1564-1593
|x Criticism and interpretation.
|
| 600 |
1 |
1 |
|a Shakespeare, William,
|d 1564-1616
|x Criticism and interpretation.
|
| 600 |
1 |
0 |
|a Shakespeare, William,
|d 1564-1616
|x Criticism and interpretation.
|
| 600 |
1 |
0 |
|a Marlowe, Christopher,
|d 1564-1593
|x Criticism and interpretation.
|
| 650 |
0 |
7 |
|a Geschichte (1550-1620)
|2 swd
|
| 650 |
1 |
7 |
|a Publiek.
|2 gtt
|
| 650 |
1 |
7 |
|a Toneel.
|2 gtt
|
| 650 |
|
7 |
|a Drama
|2 gnd
|
| 650 |
|
7 |
|a Theater
|2 gnd
|
| 650 |
|
7 |
|a Publikum
|2 gnd
|
| 650 |
|
7 |
|a Theater audiences.
|2 fast
|0 (OCoLC)fst01149328
|
| 650 |
|
7 |
|a English drama
|x Early modern and Elizabethan.
|2 fast
|0 (OCoLC)fst01710950
|
| 650 |
|
7 |
|a LITERARY CRITICISM
|x Shakespeare.
|2 bisacsh
|
| 650 |
|
7 |
|a PERFORMING ARTS
|x Theater
|x General.
|2 bisacsh
|
| 650 |
|
6 |
|a Theâtre
|x Publics
|z Angleterre
|x Histoire
|y 16e siecle.
|
| 650 |
|
6 |
|a Theâtre anglais
|y 16e siecle
|x Histoire et critique.
|
| 650 |
|
0 |
|a Theater audiences
|z England
|x History
|y 16th century.
|
| 650 |
|
0 |
|a English drama
|y Early modern and Elizabethan, 1500-1600
|x History and criticism.
|
| 651 |
|
7 |
|a Englisch.
|2 swd
|
| 651 |
|
7 |
|a England
|2 gnd
|
| 651 |
|
7 |
|a England.
|2 fast
|0 (OCoLC)fst01219920
|
| 655 |
|
7 |
|a History.
|2 fast
|0 (OCoLC)fst01411628
|
| 655 |
|
7 |
|a Criticism, interpretation, etc.
|2 fast
|0 (OCoLC)fst01411635
|
| 655 |
|
7 |
|a Electronic books.
|2 local
|
| 710 |
2 |
|
|a Project Muse.
|e distributor
|
| 830 |
|
0 |
|a Book collections on Project MUSE.
|
| 856 |
4 |
0 |
|z Texto completo
|u https://projectmuse.uam.elogim.com/book/41579/
|
| 945 |
|
|
|a Project MUSE - Custom Collection
|
| 945 |
|
|
|a Project MUSE - Archive Complete Supplement IV
|
| 945 |
|
|
|a Project MUSE - Archive Literature Supplement IV
|